Monografías históricas : Revolución Francesa /

Guardado en:
Detalles Bibliográficos
Otros autores: Willert, P.F. (autor) (autor)
Formato: Libro
Idioma:Español
Publicado: Barcelona, España : Ramón Sopena, copyright fecha no identificada
Etiquetas: Agrega una etiqueta
Sin etiquetas, Sé el primero en etiquetar este registro!

MARC

LEADER 00000nam^a2200000^a^4500
001 000433052
005 20250526000000.0
009 20260310123031.061
037 |a Acervo ITESO - Biblioteca 
041 |a ESP 
091 |a FHM. 06318 
245 0 0 |a Monografías históricas :  |b Revolución Francesa / 
264 4 |a Barcelona, España :  |b Ramón Sopena,  |c copyright fecha no identificada 
300 |a 2 v. (725, 712 p.) ;  |c 24.5 cm. 
336 |a texto  |b txt  |2 rdacontenido 
337 |a sin mediación  |b n  |2 rdamedio 
338 |a volumen  |b nc  |2 rdasoporte 
649 |a XX 
700 |a Willert, P.F.  |e (autor) 
910 |a Fondo Hugo B. Margáin 
920 |a Impresos - Libros 
930 |a Libros Antiguos y Raros 
905 |a 126 
901 |a 0500306852  |b IT2  |c LRA  |i D110326  |u 20250526 
901 |a 0500306855  |b IT2  |c LRA  |i D110327  |u 20250526 
902 |a https://opac.biblio.iteso.mx/vufind/Record/000433052